Normal view
MARC view
- بيسك - لغة البرمجة -الاحصاء الرياضي -معالجة البيانات
Entry Topical Term
001 - CONTROL NUMBER
- control field: 45519
003 - CONTROL NUMBER IDENTIFIER
- control field: JO-AjAnu
005 - DATE AND TIME OF LATEST TRANSACTION
- control field: 20230606081529.0
008 - FIXED-LENGTH DATA ELEMENTS
- fixed length control field: 230606|| aca||aabn | a|a d
040 ## - CATALOGING SOURCE
- Original cataloging agency: JO-AjAnu
- Transcribing agency: JO-AjAnu
150 ## - HEADING--TOPICAL TERM
- Topical term or geographic name entry element: بيسك - لغة البرمجة -الاحصاء الرياضي -معالجة البيانات
670 ## - SOURCE DATA FOUND
- Source citation: Work cat.: (JO-AjAnu)23306: منصور، عوض, author 45518, التحليل الاحصائي المبرمج بلغة بيسك